| 000 | 01096cam a2200313 i 4500 | ||
|---|---|---|---|
| 001 | ocn1285690871 | ||
| 003 | EG-ScBUE | ||
| 005 | 20260505102124.0 | ||
| 008 | 211105t2022 enka f b 001 0 eng d | ||
| 020 | _a9780081026489 | ||
| 035 | _a(OCoLC)ocn1285690871 | ||
| 040 |
_aUKMGB _beng _erda _cUKMGB _dOCLCF _dOCLCO _dIUL _dEG-ScBUE |
||
| 082 | 0 | 4 |
_a687 _222 _bGER |
| 100 | 1 |
_aGeršak, Jelka, _eauthor. |
|
| 245 | 1 | 0 |
_aDesign of clothing manufacturing processes : _ba systematic approach to planning, scheduling and control / _cJelka Gersak, University of Maribor, Slovenia. |
| 250 | _aSecond edition. | ||
| 264 | 1 |
_aOxford : _bWoodhead Publishing, _c[2022] |
|
| 264 | 4 | _c©2022 | |
| 300 |
_axiii, 375 pages : _billustrations ; _c22 cm. |
||
| 336 |
_atext _2rdacontent _btxt |
||
| 337 |
_aunmediated _2rdamedia _bn |
||
| 338 |
_avolume _2rdacarrier _bnc |
||
| 490 | 0 | _aThe Textile Institute book series | |
| 504 | _aIncludes bibliographical references and index. | ||
| 650 | 7 |
_aReady-to-wear clothing industry. _2BUEsh |
|
| 653 |
_cMay2026 _bART |
||
| 655 | _vReading book | ||
| 942 |
_2ddc _cBB |
||
| 999 |
_c31198 _d31169 |
||